LEADER 01479nam 2200337Ia 450 001 996386894703316 005 20200824132758.0 035 $a(CKB)4940000000077935 035 $a(EEBO)2240960376 035 $a(OCoLC)ocm12594016e 035 $a(OCoLC)12594016 035 $a(EXLCZ)994940000000077935 100 $a19850924d1642 uy | 101 0 $aeng 135 $aurbn||||a|bb| 200 10$aOneale and Colonell Brunslow chiefe of the rebells in Ireland$b[electronic resource] $etheir apprehension at Grohoyne in the province of Munster : with the terrible battell then fought : written in a letter directed to the Bishop of Armagh /$ffrom a Doctor of divinitie resident in Dublin ; as also a description of the taking of a ship upon the coasts of Barbary bound with letters of commendations to the King of Spaine; and to desire ayde against the Protestants 210 $aLondon $cPrinted for Andrew Coe and Marmaduke Boat$d1642 215 $a8 p 300 $aAttributed to Edward Bond, Doctor of Divinitie. cf. BLC. 300 $aReproduction of original in Thomason Collection, British Library. 330 $aeebo-0158 607 $aIreland$xHistory$yRebellion of 1641 700 $aBond$b Edward$cDoctor of Divinitie.$0163765 801 0$bEAA 801 1$bEAA 801 2$bm/c 801 2$bWaOLN 906 $aBOOK 912 $a996386894703316 996 $aOneale and Colonell Brunslow chiefe of the rebells in Ireland$92332861 997 $aUNISA LEADER 00987nam 2200277 450 001 996704371903316 005 20260314095301.0 100 $a20260127d1969----km y0itay5003 ba 101 0 $aita 102 $aIT 105 $ay 00 y 200 1 $a<> privilegio per crediti di lavoro verso il traguardo dell'effettivitą$fGustavo Minervini 210 $a[S.l.$cs.n.]$d1969 (Napoli : Giannini) 215 $a663-669 p.$d24 cm 300 $aTitolo della copertina 300 $aEstratto da: Rassegna economica : pubblicazione quadrimestrale del Banco di Napoli, anno 33, n. 3 (mag.-giu. 1969) 606 0 $aCrediti di lavoro$xLegislazione$yItalia$2BNCF 676 $a344.450121 700 1$aMINERVINI,$bGustavo$0108979 801 0$aIT$bcba$gREICAT 912 $a996704371903316 951 $aXVI.7.Misc. 1787$b1816 FBUO$cXVI.7.Misc. 959 $aBK 969 $aFBUO 996 $aPrivilegio per crediti di lavoro verso il traguardo dell'effettivitą$94530534 997 $aUNISA